| 000 | 00494cam a2200205ua 4500 | ||
|---|---|---|---|
| 001 | 3800 | ||
| 005 | 20260515113731.0 | ||
| 008 | 120216n ii |||gr||||Z||||||asm | ||
| 040 | _cMAIN | ||
| 082 | _a491.4515 | ||
| 100 | _aSarma, Tirthanath, | ||
| 245 | 1 | 1 |
_aSahitya bidya parikrama _cby Tirthanath Sarma |
| 250 | _a5th. | ||
| 260 |
_aGuwahati: _bBani Prakash. |
||
| 300 |
_a191p: _c23cm. |
||
| 653 | _aLiterature | ||
| 653 | _aSahitya bidya parikrama | ||
| 653 | _aRhetorhe | ||
| 942 | _cBK | ||
| 999 |
_c3622 _d3622 |
||